000 00928nam a22001937a 4500
999 _c62828
_d62828
003 Ge_BSU
005 20250305115237.0
008 250305s1991 ge ||||| |||| 00| 0 geo d
041 _ageo
080 _a616.12-073.97(075.8) ტ-54
100 _aტვილდიანი, დავით
_924460
245 _aკლინიკური ელექტროკარდიოგრაფია :
_b[სახელმძღვ. სამედ. ინ-ტის სტუდენტებისათვის] /
_cდავით ტვილდიანი.
264 _aთბილისი :
_b განათლება,
_c 1991.
300 _a416 გვ. :
_bილ. ;
_c22 სმ.
504 _aბიბლიოგრ.: გვ. 406-408
653 _aკლინიკური ელექტროკარდიოგრაფია
653 _aმედიცინა
942 _2udc
_cᲬᲘᲒᲜᲘ